7-Letter Movies Slideshow Quiz Stats

 Plays Quiz Updated Oct 26, 2018

Score 0/24 Timer 08:00
1 Play Today
% Correct
Aladdin
98.1%
Titanic
97.4%
Dracula
96.3%
Die Hard
90.4%
Lincoln
90.1%
Chicago
88.2%
RoboCop
85%
Gravity
84%
Tangled
81%
Amadeus
79.5%
The Help
76.3%
Rain Man
75.2%
% Correct
Bad Boys
72.2%
Tootsie
70.8%
Cabaret
69.4%
Hot Fuzz
65.4%
Platoon
63.5%
Witness
51.8%
Roxanne
49.4%
Network
45.3%
Bullitt
40.9%
Amistad
38.3%
Due Date
33.8%
Vertigo
32.1%

You're not logged in!

Compare scores with friends on all Sporcle quizzes.
OR
Log In

Show Comments

Extras

Top Quizzes Today


Score Distribution

Your Account Isn't Verified!

In order to create a playlist on Sporcle, you need to verify the email address you used during registration. Go to your Sporcle Settings to finish the process.

Report this User

Report this user for behavior that violates our Community Guidelines.

Details: